Statistiques concernant Pays d'Afrique de A à Z

Cliquez ici pour prendre le quiz!

Statistiques générales

  • Ce quiz a été pris 152 fois
  • Le résultat moyen est 41 sur 54

Statistiques - réponses

HintRéponse% Correct
Algérie
91%
Angola
90%
BBenin
88%
CCameroun
87%
DDjibouti
86%
ZZambie
86%
Zimbabwe
86%
KKenya
84%
OOuganda
84%
AAfrique du sud
83%
EEgypte
83%
Érythrée
82%
GGabon
82%
Guinée
82%
Nigeria
82%
Éthiopie
81%
Niger
81%
Guinée-Bissau
80%
Guinée Equatoriale
80%
NNamibie
80%
TTanzanie
80%
Libye
79%
Burundi
78%
Cap-Vert
78%
Ghana
78%
MMadagascar
78%
Maroc
78%
Botswana
77%
LLesotho
77%
Burkina Faso
76%
Eswatini
76%
Gambie
76%
Mauritanie
76%
Soudan
76%
Soudan du Sud
76%
Mali
75%
Tunisie
75%
Togo
74%
Malawi
73%
Comores
72%
Liberia
72%
Somalie
72%
Tchad
72%
Mozambique
71%
Côte d'Ivoire
70%
RRwanda
70%
République Démocratique du Congo
68%
Seychelles
65%
Maurice
64%
République Centrafricaine
64%
Sénégal
64%
Sierra Leone
61%
République du Congo
54%
SSao Tome et Principes
13%

Distribution des résultats

Percentile par nombre de réponses

% des personnes avec chaque résultat

Votre développement - résultats

Vous n’avez pas pris ce quiz